000 00553nam a22001817a 4500
003 0
005 20250107093311.0
008 250107b xxu||||| |||| 00| 0 eng d
020 _a9781641730281
050 _aG 155
_b.B69 2024
100 _aBoyd, Dante
_eauthor.
245 _aContemporary tourism :
_ban international approach /
_cDante Boyd.
260 _aNew York, NY :
_bLarsen & Keller,
_c2024.
300 _avii, 471 p. :
_bcol. ill. ;
_c27 cm.
504 _aIncludes bibliographical references and index.
650 _aTourism.
942 _2lcc
_cBK
999 _c366888
_d366888